000 01015nmm a2200301 a 4500
001 ocm0001232031
003 TR-IsHL
005 20201028155747.0
008 150709s2009 tu tur
007 cr cn
035 _a1232031
_b(N$T)
050 0 4 _aQT275
_b.Y39 2009
090 0 4 _aQT275
_b.Y39 2009
100 1 _aYazıcı, Ayşenur
245 1 0 _aEn pratik cilt bakım rehberi
_h[electronic resource] /
_cAyşenur Yazıcı ; fotoğraf Volkan Sönmez ; editör Alp Tuncer
260 _aİstanbul :
_bTekin Acar Cosmetics,
_c2009
300 _a163 p.
650 4 _aGenel Çalışmalar
650 4 _aGeneral Works
650 0 _aKişisel yaşam
_x Kişisel bakım
650 0 _aPersonal life
_x Personal care
650 0 _aSağlık
_x Yaşam
650 0 _aHealth
_x Life
650 7 _aHEALTH & FITNESS / Beauty & Grooming
_2bisacsh
700 1 _aSönmez, Volkan
700 1 _aTuncer, Alp
856 4 0 _uhttp://search.ebscohost.com/login.aspx?direct=true&scope=site&db=e011xww&AN=1232031
999 _c13250
_d13250